000 00821cab a2200229 4500
001 WB3218-20
008 090401t1996 xxu||||| |||| 00| 0 eng d
035 _a(Sirsi) u57256
041 _aeng
245 _aSecure tenancy
260 _c1996
350 _a0
490 _aEstates Gazette Case Summaries
_v1996 EGCS 73(1) (4/5/96)
520 _a"Akinbolu v Hackney LBC" CA 23 April 1996. A found to be immigrant `overstayer`. H changed locks on council flat. A sought re-entry. County court held tenancy was void. A appealed. Appeal allowed.
650 _aAKINBOLU V HACKNEY LBC
650 _aPROPERTY-RESIDENTIAL PROPERTY-RESIDENTIAL LANDLORD AND TENANT-RESIDENTIAL TENANCIES
650 _aSECURE TENANCIES
650 _aUNLAWFUL EVICTION
690 _aHOUSING-CASE LAW
942 _n0
948 _c04/03/1997
999 _c34893
_d34893